24時以降も運行している特急列車 - Statistics

General Stats
  • This quiz has been taken 283 times
    193 since last reset
  • The average score is 12 of 22
Answer Stats
時刻 終着駅 列車名 % Correct
07:08 東京 サンライズ瀬戸
94%
07:08 東京 サンライズ出雲
94%
07:27 高松 サンライズ瀬戸
94%
10:00 出雲市 サンライズ出雲
94%
00:37 甲府 かいじ59号
70%
00:35 大分 ソニック59号
70%
00:26 勝田 ときわ85号
68%
00:17 出雲市 やくも29号
59%
00:06 高知 南風27号
59%
00:09 佐世保 みどり67号
59%
00:52 門司港 リレーかもめ66号
53%
00:19 門司港 きらめき14号
52%
00:05 名張 特急(近鉄)
50%
00:05 佐賀 かささぎ201号
44%
00:17 本川越 小江戸49号
39%
00:39 本川越 小江戸51号
39%
00:10 飯能 むさし53号
38%
00:40 飯能 むさし55号
38%
00:13 成田空港 イブニングライナー213号
37%
00:00 小川町 TJライナー25号
23%
00:18 森林公園 TJライナー27号
23%
00:47 森林公園 TJライナー29号
23%
No matching quizzes found
Score Distribution
Percent of People with Each Score
Percentile by Number Answered
Your Score History
You have not taken this quiz since the last reset